• 首页
  • 本馆介绍
  • 公告通知
  • 最新文献
  • 馆藏检索
  • 电子资源
  • 读者导购
  • 参考咨询
  • 我的图书馆
  • 登录
  • 详细信息显示
  • 放入我的书架
  • 预约/预借图书
  • 作者相关作品
  • 分类相关作品
  • 丛书相关作品
  • 出版社相关作品

书目信息

  • 表格格式
  • 工作单格式
  • 卡片格式
题名:
摄影美学
    
 
作者: ;卡塔摄影学院 编著
分册:  
出版信息: 北京   电子工业出版社  2022
页数: 286页
开本: 26cm
丛书名:
单 册:
中图分类: J401
科图分类:
主题词: 摄影美学
电子资源:
ISBN: 978-7-121-43275-0
000 00746nam0 2200241 450
001 2254382597
005 20220930150710.42
010    @a978-7-121-43275-0@dCNY128.00
100    @a20220609d2022 em y0chiy50 ea
101 0  @achi
102    @aCN@b110000
105    @aa z 000yy
200 1  @a摄影美学@9she ying mei xue@e构图·光影·色彩@e升级版@f卡塔摄影学院编著
205    @a2版
210    @a北京@c电子工业出版社@d2022
215    @a286页@d26cm
300    @a有艺
330    @a本书分为12章,介绍了完整的摄影创作思路、五大构图法则、构图元素的布局与审美、常见的构图形式等内容。
606 0  @a摄影美学
690    @aJ401@v5
711 02 @a卡塔摄影学院@9ka ta she ying xue yuan@4编著
801  0 @aCN@b91MARC@c20220617
905    @aZUCC@dJ401@e2-2
    
    摄影美学:构图·光影·色彩:升级版/卡塔摄影学院编著.-2版.-北京:电子工业出版社,2022
    286页;26cm
    有艺
    
    ISBN 978-7-121-43275-0:CNY128.00
    本书分为12章,介绍了完整的摄影创作思路、五大构图法则、构图元素的布局与审美、常见的构图形式等内容。
●
相关链接 在五车中查询图书 在当当中查询图书 在豆瓣中查询图书


正题名:摄影美学     索取号:J401/2-2         预约/预借

序号 登录号 条形码 馆藏地/架位号 状态 备注
1 2000908804   2000908804   第三书库/ [索取号:J401/2-2] 在馆    
2 2000908805   2000908805   第三书库/ [索取号:J401/2-2] 在馆    
3 2000908806   2000908806   第三书库/ [索取号:J401/2-2] 在馆    
山东省滨州职业学院图书馆 欢迎您!
大连网信软件有限公司© 版权所有